Países que Eliminaram a Seleção Brasileira em Copas do Mundo FIFA - Statistics

Estatísticas Gerais
  • Esse quiz foi jogado 89 vezes
  • A pontuação média é 15 de 17
Estatísticas das Respostas
Edição Fase Adversário % Correto
2014 Semi-Final Alemanha
100%
1978 Segunda Fase Argentina
97%
1990 Oitavas de Final Argentina
97%
1986 Quartas de Final França
97%
1998 Final França
97%
2006 Quartas de Final França
97%
2018 Quartas de Final Bélgica
96%
2022 Quartas de Final Croácia
96%
1938 Semi-Final Itália
94%
1982 Segunda Fase Itália
94%
1950 Fase Final Uruguai
91%
1974 Segunda Fase Países Baixos
90%
2010 Quartas de Final Países Baixos
90%
1966 Fase de Grupos Portugal | Hungria
88%
1934 Primeira Fase Espanha
77%
1954 Quartas de Final Hungria
61%
1930 Fase de Grupos Iugoslávia
58%
Nenhum quiz correspondente encontrado
Distribuição das Pontuações
Porcentagem de Pessoas com Cada Pontuação
Percentil de Números Respondidos
Sua Pontuação Histórica
Você não jogou esse quiz